[Event "33rd olimpiad"]
[Site "Elista"]
[Date "1998.09.29"]
[Round "1"]
[White "Dutreeuw, Marc"]
[Black "Illescas Córdoba, Miguel"]
[Result "0-1"]
[WhiteElo "2400"]
[BlackElo "2605"]
[WhiteTitle "IM"]
[BlackTitle "GM"]
[WhiteTeam "Belgium"]
[BlackTeam "Spain"]
[Board "1"]
[OlimpBase "olimpbase.org"]
[EventDate "1998.09.29"]
[PlyCount "66"]

1. e4 c6 2. d4 d5 3. f3 e6 4. Nc3 Bb4 5. Qd3 b6 6. Qe3 Nf6 7. e5 Nfd7 8. f4 c5
9. Nf3 Nc6 10. a3 cxd4 11. Nxd4 Nxd4 12. Qxd4 Bc5 13. Qd3 a5 14. Nb5 O-O
15. Qh3 f5 16. Be3 Ba6 17. Be2 Kh8 18. Qf3 g5 19. g3 gxf4 20. gxf4 Bxb5
21. Bxb5 Rg8 22. O-O-O Bxe3+ 23. Qxe3 Nc5 24. Kb1 Qc7 25. Rhg1 Ne4 26. Rxg8+
Rxg8 27. Rg1 Qc5 28. Rxg8+ Kxg8 29. Qe2 Kg7 30. Bd7 Qg1+ 31. Ka2 Kf7 32. Qb5
Nd2 33. Bxe6+ Kf8 0-1

[Event "33rd olimpiad"]
[Site "Elista"]
[Date "1998.09.29"]
[Round "1"]
[White "Franco Ocampos, Zenón"]
[Black "Meessen, Rudolf"]
[Result "1/2-1/2"]
[WhiteElo "2485"]
[BlackElo "2320"]
[WhiteTitle "GM"]
[WhiteTeam "Spain"]
[BlackTeam "Belgium"]
[Board "4"]
[OlimpBase "olimpbase.org"]
[EventDate "1998.09.29"]
[PlyCount "70"]

1. c4 g6 2. d4 Nf6 3. Nc3 Bg7 4. e4 d6 5. Be2 O-O 6. Nf3 e5 7. d5 Na6 8. Nd2
Bh6 9. a3 Nc5 10. Qc2 a5 11. b3 Bg4 12. Bxg4 Nxg4 13. O-O f5 14. exf5 gxf5
15. h3 Nf6 16. Rb1 Nh5 17. b4 axb4 18. axb4 Nd7 19. Nf3 Bf4 20. Nb5 b6 21. Bxf4
Nxf4 22. Ra1 Rxa1 23. Rxa1 e4 24. Ne1 Ne5 25. Ra3 Ned3 26. Nxd3 exd3 27. Rxd3
Nxd3 28. Qxd3 Qe7 29. f4 Rf7 30. Nd4 Qh4 31. Ne6 Qe1+ 32. Kh2 h6 33. Qa3 Kh7
34. Qa8 Qh4 35. Qa1 Qe7 1/2-1/2

[Event "33rd olimpiad"]
[Site "Elista"]
[Date "1998.09.30"]
[Round "2"]
[White "Poddubny, Viktor"]
[Black "Dutreeuw, Marc"]
[Result "1/2-1/2"]
[WhiteElo "2290"]
[BlackElo "2400"]
[BlackTitle "IM"]
[WhiteTeam "Russia D"]
[BlackTeam "Belgium"]
[Board "1"]
[OlimpBase "olimpbase.org"]
[EventDate "1998.09.29"]
[PlyCount "23"]

1. e4 e5 2. Nf3 Nf6 3. Nc3 Bb4 4. Nxe5 O-O 5. Be2 Re8 6. Nd3 Bxc3 7. dxc3 Nxe4
8. c4 d6 9. O-O Nd7 10. Bf3 Ndf6 11. Re1 h6 12. b3 1/2-1/2

[Event "33rd olimpiad"]
[Site "Elista"]
[Date "1998.09.30"]
[Round "2"]
[White "Meessen, Rudolf"]
[Black "Mikuev, Erentsen"]
[Result "1-0"]
[WhiteElo "2320"]
[BlackElo "2145"]
[WhiteTeam "Belgium"]
[BlackTeam "Russia D"]
[Board "2"]
[OlimpBase "olimpbase.org"]
[EventDate "1998.09.29"]
[PlyCount "89"]

1. d4 Nf6 2. c4 g6 3. Nc3 d5 4. cxd5 Nxd5 5. e4 Nxc3 6. bxc3 Bg7 7. Nf3 c5
8. Rb1 O-O 9. Qd2 cxd4 10. cxd4 Nc6 11. d5 Ne5 12. Nxe5 Bxe5 13. Rb3 Bg7
14. Be2 f5 15. exf5 Bxf5 16. O-O Be4 17. Rd1 Qc7 18. Bb2 Bxb2 19. Qxb2 b6
20. Re3 Bf5 21. d6 exd6 22. g4 Bc8 23. Rxd6 Bb7 24. Qd4 Qc1+ 25. Bd1 Rf7
26. Rc3 Qb1 27. Qe3 Rc8 28. Rxc8+ Bxc8 29. Qb3 Qc1 30. Rf6 Qc7 31. Qxf7+ Qxf7
32. Bb3 Qxb3 33. axb3 Bxg4 34. b4 Bf5 35. f3 h5 36. Kf2 Kg7 37. Rc6 Kf7 38. Ke3
Ke7 39. Rc7+ Kd6 40. Rxa7 Kd5 41. Rc7 Kd6 42. Rc1 Kd5 43. h4 Bh3 44. Rd1+ Kc4
45. Rd4+ 1-0

[Event "33rd olimpiad"]
[Site "Elista"]
[Date "1998.10.01"]
[Round "3"]
[White "Geenen, Marc"]
[Black "Solomon, Stephen"]
[Result "1/2-1/2"]
[WhiteElo "2315"]
[BlackElo "2435"]
[WhiteTitle "FM"]
[BlackTitle "IM"]
[WhiteTeam "Belgium"]
[BlackTeam "Australia"]
[Board "1"]
[OlimpBase "olimpbase.org"]
[EventDate "1998.09.29"]
[PlyCount "56"]

1. e4 e5 2. Nc3 Nf6 3. g3 Bc5 4. Bg2 O-O 5. Nge2 Re8 6. O-O c6 7. d4 exd4
8. Nxd4 d5 9. exd5 cxd5 10. Bg5 Nc6 11. Ndb5 a6 12. Bxf6 gxf6 13. Na3 d4
14. Nd5 Be6 15. Nf4 Rc8 16. Qh5 Bxa3 17. bxa3 Ne5 18. Be4 Ng6 19. Qh6 Bg4
20. f3 Rxe4 21. fxe4 Rxc2 22. Nd5 f5 23. h3 Qd6 24. Rf4 Nxf4 25. Qxd6 Nxh3+
26. Kf1 Rf2+ 27. Ke1 Re2+ 28. Kf1 Rf2+ 1/2-1/2

[Event "33rd olimpiad"]
[Site "Elista"]
[Date "1998.10.01"]
[Round "3"]
[White "West, Guy"]
[Black "Ahn, Martin"]
[Result "1/2-1/2"]
[WhiteElo "2405"]
[BlackElo "2305"]
[WhiteTitle "IM"]
[BlackTitle "FM"]
[WhiteTeam "Australia"]
[BlackTeam "Belgium"]
[Board "2"]
[OlimpBase "olimpbase.org"]
[EventDate "1998.09.29"]
[PlyCount "180"]

1. d4 Nf6 2. Nc3 d5 3. Bg5 c5 4. Bxf6 gxf6 5. e3 cxd4 6. exd4 h5 7. Qf3 e6
8. O-O-O Nc6 9. Nge2 f5 10. Kb1 Bg7 11. h4 Qb6 12. Qe3 Kf8 13. Rh3 Bf6 14. Qf4
Ne7 15. g3 Bd7 16. Rd3 Rc8 17. Rh1 Rc4 18. Nd1 Kg7 19. Qd2 Ng6 20. Ne3 Rb4
21. c3 Ra4 22. Nc2 Bb5 23. Re3 Rc8 24. Nc1 Bxf1 25. Rxf1 Rac4 26. Rd3 a5
27. Ne3 R4c6 28. Ng2 Qa6 29. Qe2 Rh8 30. Re3 Qxe2 31. Nxe2 Rhc8 32. a4 Kh6
33. Ka2 Rc4 34. Kb3 R8c6 35. Ra1 Bg7 36. Ngf4 Nxf4 37. Nxf4 Rb6+ 38. Ka2 Rxa4+
39. Kb1 Rxa1+ 40. Kxa1 Bf8 41. Kb1 Bd6 42. Nd3 Rc6 43. Ne5 Bxe5 44. Rxe5 b5
45. Re3 Rb6 46. Kc2 b4 47. Re1 bxc3 48. bxc3 Kg6 49. f4 Kf6 50. Ra1 Rb5 51. Ra4
Ke7 52. Ra1 Kd7 53. Ra2 Kc6 54. Ra4 Kd6 55. Ra3 Kc6 56. Ra4 Kb7 57. Ra1 Ka6
58. Ra4 Rb8 59. c4 dxc4 60. Rxc4 Kb6 61. Kb3 Rg8 62. Rc3 Rd8 63. Rd3 Kb5
64. Rd1 a4+ 65. Kc3 Rc8+ 66. Kb2 Kb4 67. d5 Rd8 68. Rd4+ Kc5 69. Rxa4 Kxd5
70. Kc3 Rg8 71. Rd4+ Kc6 72. Rd3 Kc7 73. Kc2 f6 74. Ra3 Kd6 75. Kd2 e5 76. Ra6+
Ke7 77. Ra7+ Ke6 78. Ra6+ Kf7 79. Ra7+ Kg6 80. Ke3 Kh6 81. Kf3 Rg4 82. Ra6 Kg7
83. Ra7+ Kg6 84. Ra4 Kf7 85. Ra7+ Kg6 86. Ra4 Kh7 87. Ra7+ Rg7 88. Ra6 Rf7
89. fxe5 fxe5 90. Re6 f4 1/2-1/2

[Event "33rd olimpiad"]
[Site "Elista"]
[Date "1998.10.01"]
[Round "3"]
[White "Meessen, Rudolf"]
[Black "Davidovic, Aleksander"]
[Result "1/2-1/2"]
[WhiteElo "2320"]
[BlackElo "2395"]
[BlackTitle "IM"]
[WhiteTeam "Belgium"]
[BlackTeam "Australia"]
[Board "3"]
[OlimpBase "olimpbase.org"]
[EventDate "1998.09.29"]
[PlyCount "30"]

1. d4 Nf6 2. c4 e6 3. Nc3 d5 4. cxd5 exd5 5. Bg5 Be7 6. e3 O-O 7. Bd3 Nbd7
8. Nf3 Re8 9. Qc2 Nf8 10. O-O c6 11. h3 g6 12. Bh6 Bd6 13. Rfe1 Qc7 14. Rad1
Ne6 15. Ne4 Nxe4 1/2-1/2

[Event "33rd olimpiad"]
[Site "Elista"]
[Date "1998.10.01"]
[Round "3"]
[White "Kagan, Naum"]
[Black "Mohandesi, Shahin"]
[Result "0-1"]
[WhiteElo "2260"]
[BlackElo "2305"]
[WhiteTitle "FM"]
[BlackTitle "FM"]
[WhiteTeam "Australia"]
[BlackTeam "Belgium"]
[Board "4"]
[OlimpBase "olimpbase.org"]
[EventDate "1998.09.29"]
[PlyCount "112"]

1. d4 Nf6 2. Nf3 g6 3. g3 d5 4. c4 c6 5. cxd5 cxd5 6. Bg2 Bg7 7. Nc3 O-O
8. O-O Nc6 9. Ne5 Nxe5 10. dxe5 Ng4 11. Nxd5 Nxe5 12. Bg5 Nc6 13. Nxe7+ Nxe7
14. Qxd8 Rxd8 15. Bxe7 Re8 16. Ba3 Rxe2 17. Rfd1 Bg4 18. h3 Be6 19. Bf3 Rc2
20. Be4 Rc7 21. Rac1 Rxc1 22. Rxc1 Bxh3 23. Bxb7 Rb8 24. Bd5 Rd8 25. Bb3 Be6
26. Bxe6 fxe6 27. Rc2 Bd4 28. Kg2 Bb6 29. Bb4 Kf7 30. Rc4 e5 31. Bc3 Ke6 32. a4
Kd5 33. Rh4 Rd7 34. Rh1 Bd4 35. Rc1 Rf7 36. f3 Rb7 37. Rc2 Rc7 38. g4 h5
39. Kg3 Rh7 40. gxh5 gxh5 41. Kh4 Rf7 42. Kxh5 Rxf3 43. Kg4 Rf7 44. Be1 Ke4
45. b4 Rg7+ 46. Kh5 Rg1 47. Bh4 Ra1 48. a5 Rb1 49. Be7 Kd3 50. Rc7 e4 51. Rd7
Kc4 52. Kg4 e3 53. Kf3 Rf1+ 54. Ke2 Rf2+ 55. Kd1 Kd3 56. Ke1 Ra2 0-1

[Event "33rd olimpiad"]
[Site "Elista"]
[Date "1998.10.02"]
[Round "4"]
[White "Fominykh, Alexander"]
[Black "Dutreeuw, Marc"]
[Result "1-0"]
[WhiteElo "2530"]
[BlackElo "2400"]
[WhiteTitle "GM"]
[BlackTitle "IM"]
[WhiteTeam "Russia C"]
[BlackTeam "Belgium"]
[Board "1"]
[OlimpBase "olimpbase.org"]
[EventDate "1998.09.29"]
[PlyCount "85"]

1. d4 d5 2. c4 e6 3. Nf3 Nf6 4. g3 Be7 5. Bg2 O-O 6. O-O dxc4 7. Qc2 a6
8. Qxc4 b5 9. Qc2 Bb7 10. Bd2 Be4 11. Qc1 Qc8 12. Be3 Nbd7 13. Nbd2 Bd5 14. Nb3
Qb7 15. Bg5 Rfc8 16. Bxf6 Nxf6 17. Nc5 Bxc5 18. Qxc5 Ne4 19. Qa3 c5 20. dxc5
Nxc5 21. Rfd1 Na4 22. Rd4 Nb6 23. Qd3 Qc7 24. Rd1 h6 25. b3 Nd7 26. e4 Nc5
27. Qe3 Bc6 28. b4 Nb7 29. R4d2 Rd8 30. Nd4 e5 31. Nf5 Rxd2 32. Rxd2 Rd8
33. Rc2 Kh7 34. Qc1 Rc8 35. Bh3 Qd7 36. Bg4 Rc7 37. Ne3 Qd6 38. Nd5 Bxd5
39. Rxc7 Bxe4 40. a3 Qd5 41. Qd1 Qxd1+ 42. Bxd1 Nd6 43. f3 1-0

[Event "33rd olimpiad"]
[Site "Elista"]
[Date "1998.10.02"]
[Round "4"]
[White "Erendzhenov, Stanislav"]
[Black "Meessen, Rudolf"]
[Result "0-1"]
[WhiteElo "2350"]
[BlackElo "2320"]
[WhiteTeam "Russia C"]
[BlackTeam "Belgium"]
[Board "3"]
[OlimpBase "olimpbase.org"]
[EventDate "1998.09.29"]
[PlyCount "64"]

1. e4 e6 2. d4 d5 3. e5 c5 4. c3 Qb6 5. Nf3 Nc6 6. a3 Nh6 7. b4 cxd4 8. cxd4
Nf5 9. Bb2 Bd7 10. Qd2 Be7 11. g4 Nh6 12. h3 O-O 13. Be2 Qd8 14. Nc3 f6
15. exf6 Rxf6 16. g5 Rxf3 17. Bxf3 Bxg5 18. Qd3 Qf6 19. Nd1 Rf8 20. Bg4 Be8
21. Rg1 Bg6 22. Qc3 Be4 23. Ra2 Nxg4 24. hxg4 Qh6 25. Ba1 Rf3 26. Qc5 Qh2
27. Rf1 Bd3 28. Re2 Bxe2 29. Kxe2 Qf4 30. Rg1 Rd3 31. Ne3 Rd2+ 32. Kxd2 Qxf2+
0-1

[Event "33rd olimpiad"]
[Site "Elista"]
[Date "1998.10.02"]
[Round "4"]
[White "Mohandesi, Shahin"]
[Black "Umgaev, Alexander"]
[Result "1-0"]
[WhiteElo "2305"]
[BlackElo "2210"]
[WhiteTitle "FM"]
[WhiteTeam "Belgium"]
[BlackTeam "Russia C"]
[Board "4"]
[OlimpBase "olimpbase.org"]
[EventDate "1998.09.29"]
[PlyCount "71"]

1. d4 Nf6 2. Nf3 e6 3. c4 c5 4. d5 exd5 5. cxd5 d6 6. Nc3 g6 7. h3 Bg7 8. e4
O-O 9. Bd3 b5 10. O-O a6 11. Re1 Nbd7 12. Bf4 Ne8 13. Qd2 Ne5 14. Nxe5 dxe5
15. Bg5 Qc7 16. a4 c4 17. Bf1 f6 18. Be3 Rb8 19. axb5 axb5 20. Ra7 Qd6 21. Rea1
Nc7 22. Na2 Rf7 23. Nb4 Bb7 24. Nc2 Bf8 25. Be2 f5 26. f3 h5 27. Qa5 f4 28. Bd2
Qd7 29. Bb4 Bxb4 30. Qxb4 Rf6 31. Bxc4 bxc4 32. Rxb7 Rxb7 33. Qxb7 Qd6 34. Qb4
Qxb4 35. Nxb4 Rb6 36. Ra4 1-0

[Event "33rd olimpiad"]
[Site "Elista"]
[Date "1998.10.03"]
[Round "5"]
[White "Meessen, Rudolf"]
[Black "Lputian, Smbat Gariginovich"]
[Result "0-1"]
[WhiteElo "2320"]
[BlackElo "2615"]
[BlackTitle "GM"]
[WhiteTeam "Belgium"]
[BlackTeam "Armenia"]
[Board "2"]
[OlimpBase "olimpbase.org"]
[EventDate "1998.09.29"]
[PlyCount "62"]

1. d4 d5 2. c4 e6 3. Nc3 c6 4. Nf3 dxc4 5. Bg5 Be7 6. Bxe7 Nxe7 7. a4 Nd5
8. a5 c5 9. e4 Nxc3 10. bxc3 Qc7 11. Qa4+ Bd7 12. Qxc4 O-O 13. Bd3 Rc8 14. d5
a6 15. d6 Qxd6 16. e5 Qd5 17. Bxh7+ Kxh7 18. Qh4+ Kg8 19. Rd1 Qb3 20. O-O Qc2
21. Rfe1 Be8 22. Ng5 Nc6 23. Ne4 Nxe5 24. Rd2 Qa4 25. Qg5 Ng6 26. Rd3 Bc6
27. Qg4 Rd8 28. Rde3 Bxe4 29. Rxe4 f5 30. Rxa4 fxg4 31. Rxg4 Nf8 0-1

[Event "33rd olimpiad"]
[Site "Elista"]
[Date "1998.10.03"]
[Round "5"]
[White "Akopian, Vladimir"]
[Black "Mohandesi, Shahin"]
[Result "1/2-1/2"]
[WhiteElo "2655"]
[BlackElo "2305"]
[WhiteTitle "GM"]
[BlackTitle "FM"]
[WhiteTeam "Armenia"]
[BlackTeam "Belgium"]
[Board "3"]
[OlimpBase "olimpbase.org"]
[EventDate "1998.09.29"]
[PlyCount "98"]

1. d4 Nf6 2. Bg5 Ne4 3. Bf4 d5 4. e3 e6 5. Bd3 Bd6 6. Ne2 Nd7 7. Bxe4 dxe4
8. Nd2 f5 9. Nc4 Qe7 10. Qd2 Bxf4 11. Nxf4 O-O 12. O-O-O Nf6 13. h4 b5 14. Ne5
Bb7 15. h5 Bd5 16. Rh3 Qd6 17. g4 Nxg4 18. Nxg4 fxg4 19. Rg3 Qa6 20. a3 Rab8
21. Qb4 Qd6 22. Rxg4 Qxb4 23. axb4 Ra8 24. Rdg1 Rf7 25. Kd2 a5 26. bxa5 Rxa5
27. Rg5 c6 28. Kc3 Ra4 29. b3 b4+ 30. Kb2 Ra8 31. Ra1 Rxa1 32. Kxa1 Ra7+
33. Kb2 Kf7 34. Ne2 Kf6 35. Rg4 e5 36. dxe5+ Kxe5 37. Nf4 Kf5 38. Rg1 Ke5
39. Rg5+ Kf6 40. Rg1 Ke5 41. c3 bxc3+ 42. Kxc3 Rb7 43. b4 Kf5 44. Rd1 Bf7
45. Rg1 Kf6 46. Ra1 Kg5 47. Ra5+ Kg4 48. Re5 Kf3 49. Rf5 Kg4 1/2-1/2

[Event "33rd olimpiad"]
[Site "Elista"]
[Date "1998.10.03"]
[Round "5"]
[White "Maes, Wim"]
[Black "Minasian, Artashes"]
[Result "0-1"]
[WhiteElo "2250"]
[BlackElo "2620"]
[BlackTitle "GM"]
[WhiteTeam "Belgium"]
[BlackTeam "Armenia"]
[Board "4"]
[OlimpBase "olimpbase.org"]
[EventDate "1998.09.29"]
[PlyCount "98"]

1. e4 Nc6 2. Bc4 Nf6 3. Nc3 e6 4. d3 d5 5. Bb3 Bb4 6. exd5 exd5 7. d4 O-O
8. Ne2 Ne7 9. O-O c6 10. Ng3 Bxc3 11. bxc3 b5 12. Re1 a6 13. a4 Bg4 14. Qd3 Re8
15. Bg5 Qd6 16. h3 Bd7 17. Qf3 Ng6 18. Bxf6 gxf6 19. Nh5 f5 20. Qg3 Rxe1+
21. Rxe1 Qxg3 22. fxg3 Be6 23. Nf4 Nxf4 24. gxf4 a5 25. Ra1 Kf8 26. Kf2 Ke7
27. Ke3 Kd6 28. g3 Bd7 29. Kf3 c5 30. dxc5+ Kxc5 31. g4 bxa4 32. Bxa4 Bxa4
33. Rxa4 Kb5 34. Ra3 a4 35. gxf5 f6 36. Kg4 Kc4 37. Kf3 d4 38. cxd4 Kxd4
39. Rd3+ Kc4 40. Ra3 Kb4 41. Ra2 a3 42. Kg4 Ra5 43. Kh5 Rxf5+ 44. Kh6 Rxf4
45. Kxh7 Rh4+ 46. Kg6 Rxh3 47. Kxf6 Re3 48. Kf5 Re1 49. c3+ Kb3 0-1

[Event "33rd olimpiad"]
[Site "Elista"]
[Date "1998.10.04"]
[Round "6"]
[White "Dutreeuw, Marc"]
[Black "Isaev, Jamshed"]
[Result "1/2-1/2"]
[WhiteElo "2400"]
[BlackElo "2440"]
[WhiteTitle "IM"]
[WhiteTeam "Belgium"]
[BlackTeam "Tajikistan"]
[Board "1"]
[OlimpBase "olimpbase.org"]
[EventDate "1998.09.29"]
[PlyCount "126"]

1. e4 e5 2. Nf3 Nc6 3. d4 exd4 4. Nxd4 Bc5 5. Be3 Qf6 6. c3 Nge7 7. Bc4 Ne5
8. Be2 Qg6 9. O-O d5 10. Bh5 Qxe4 11. Re1 Qh4 12. Nf5 Bxf5 13. Bxc5 N5c6
14. Na3 a6 15. g3 Qh3 16. Bf3 Be6 17. Bxd5 Nxd5 18. Qxd5 Rd8 19. Qg5 Kd7
20. Nc2 Kc8 21. Bd4 Rd5 22. Qh4 Qxh4 23. gxh4 Rh5 24. Re3 Rg8 25. Rg3 f6
26. Re1 Bxa2 27. Bxf6 gxf6 28. Rxg8+ Bxg8 29. Re8+ Kd7 30. Rxg8 Rxh4 31. Rg7+
Ne7 32. Nd4 Rh5 33. Rf7 c5 34. Nf3 Rh6 35. Rf8 Nc8 36. Nd2 Nd6 37. f3 f5
38. Rh8 Kc6 39. Kg2 Re6 40. Kf2 Re7 41. Rf8 a5 42. c4 b5 43. cxb5+ Kxb5 44. Rd8
Kc6 45. b3 Ra7 46. Rh8 Kd5 47. Rd8 Ke5 48. Rh8 Kf4 49. Rd8 Ke5 50. Rh8 Nb5
51. Ke3 f4+ 52. Kd3 Rd7+ 53. Kc2 Kd4 54. Rf8 Ke3 55. Nc4+ Ke2 56. Rxf4 Nd4+
57. Kc3 Rb7 58. Nd2 Rd7 59. Nc4 Rb7 60. Nd2 Nb5+ 61. Kc2 Na3+ 62. Kc3 Nb5+
63. Kc2 Nd4+ 1/2-1/2

[Event "33rd olimpiad"]
[Site "Elista"]
[Date "1998.10.04"]
[Round "6"]
[White "Nazarov, Anvar"]
[Black "Geenen, Marc"]
[Result "1/2-1/2"]
[WhiteElo "2285"]
[BlackElo "2315"]
[BlackTitle "FM"]
[WhiteTeam "Tajikistan"]
[BlackTeam "Belgium"]
[Board "2"]
[OlimpBase "olimpbase.org"]
[EventDate "1998.09.29"]
[PlyCount "33"]

1. e4 e5 2. Nf3 Nc6 3. d4 exd4 4. Nxd4 Nf6 5. Nxc6 bxc6 6. e5 Qe7 7. Qe2 Nd5
8. c4 Ba6 9. b3 Qh4 10. Bb2 Bb4+ 11. Kd1 Nf4 12. Qe3 Ne6 13. g3 Qh5+ 14. Be2
Qh3 15. Bf1 Qh5+ 16. Be2 Qh3 17. Bf1 1/2-1/2

[Event "33rd olimpiad"]
[Site "Elista"]
[Date "1998.10.04"]
[Round "6"]
[White "Meessen, Rudolf"]
[Black "Amonatov, Farrukh"]
[Result "1-0"]
[WhiteElo "2320"]
[BlackElo "2240"]
[BlackTitle "FM"]
[WhiteTeam "Belgium"]
[BlackTeam "Tajikistan"]
[Board "3"]
[OlimpBase "olimpbase.org"]
[EventDate "1998.09.29"]
[PlyCount "75"]

1. d4 Nf6 2. c4 g6 3. Nc3 Bg7 4. e4 d6 5. f3 O-O 6. Be3 c5 7. Nge2 Nc6 8. d5
Ne5 9. Ng3 e6 10. Be2 h5 11. Bg5 exd5 12. Nxd5 Be6 13. O-O Nc6 14. f4 Bxd5
15. exd5 Nd4 16. Ne4 Re8 17. Bd3 b5 18. b3 bxc4 19. bxc4 Rb8 20. Rb1 Rxb1
21. Qxb1 Kh8 22. h3 Rxe4 23. Bxe4 Ne2+ 24. Kh2 Qe8 25. Bd3 Nc3 26. Qe1 Nfe4
27. Bxe4 Nxe4 28. Bh4 Bc3 29. Qb1 Nd2 30. Re1 Qa4 31. Qd3 Qb4 32. Re3 Bd4
33. Re8+ Kg7 34. Be1 Qa4 35. Qe2 Nxc4 36. Qe7 Kh6 37. Bh4 Ne5 38. Qf8+ 1-0

[Event "33rd olimpiad"]
[Site "Elista"]
[Date "1998.10.05"]
[Round "7"]
[White "Mohamed, Esam Ahmed Nagib"]
[Black "Geenen, Marc"]
[Result "1-0"]
[WhiteElo "2455"]
[BlackElo "2315"]
[WhiteTitle "IM"]
[BlackTitle "FM"]
[WhiteTeam "Egypt"]
[BlackTeam "Belgium"]
[Board "1"]
[OlimpBase "olimpbase.org"]
[EventDate "1998.09.29"]
[PlyCount "79"]

1. d4 Nf6 2. c4 g6 3. Nc3 Bg7 4. e4 d6 5. f4 O-O 6. Nf3 Na6 7. e5 Nd7 8. h4
dxe5 9. dxe5 Ndc5 10. Be3 Bg4 11. Be2 f6 12. Nd4 fxe5 13. fxe5 Bxe2 14. Qxe2
Bxe5 15. O-O-O Qe8 16. h5 Bg7 17. hxg6 Qxg6 18. Nd5 Rae8 19. Rh4 e5 20. Nc2 Ne6
21. Rg4 Qf5 22. Bh6 c6 23. Bxg7 Nxg7 24. Nde3 Qf2 25. Rxg7+ Kxg7 26. Rd7+ Kg6
27. Qg4+ Kf6 28. Nd5+ cxd5 29. Qg7+ Ke6 30. cxd5+ Kf5 31. Rf7+ Ke4 32. Qxh7+
Kxd5 33. Rxf2 Rxf2 34. Qd7+ Ke4 35. Qxb7+ Kf4 36. Qf7+ Kg3 37. Qg6+ Kf4 38. g3+
Kf3 39. Ne1+ Ke2 40. Qd3+ 1-0

[Event "33rd olimpiad"]
[Site "Elista"]
[Date "1998.10.05"]
[Round "7"]
[White "Ahn, Martin"]
[Black "El-Ghazali, Youssef"]
[Result "1/2-1/2"]
[WhiteElo "2305"]
[BlackElo "2335"]
[WhiteTitle "FM"]
[BlackTitle "IM"]
[WhiteTeam "Belgium"]
[BlackTeam "Egypt"]
[Board "2"]
[OlimpBase "olimpbase.org"]
[EventDate "1998.09.29"]
[PlyCount "123"]

1. e4 c5 2. Nf3 d6 3. d4 cxd4 4. Nxd4 Nf6 5. Nc3 Nc6 6. Be3 Ng4 7. Bb5 Nxe3
8. fxe3 Bd7 9. O-O e6 10. Bxc6 bxc6 11. Qf3 Qe7 12. e5 d5 13. b4 g6 14. b5 Bg7
15. bxc6 Bc8 16. Qg3 Ba6 17. Ncb5 O-O 18. Rab1 Rab8 19. a4 Bxb5 20. axb5 Qc7
21. Nf3 a6 22. bxa6 Rxb1 23. Rxb1 Qxc6 24. Ra1 Ra8 25. Qh4 Rxa6 26. Qd8+ Bf8
27. Rxa6 Qxa6 28. Kf2 Qa3 29. Nd4 Qc5 30. Ke2 h6 31. h3 Kh7 32. Qe8 Kg7 33. Qd7
Kg8 34. Qd8 Qe7 35. Qxe7 Bxe7 36. Kd3 Kf8 37. e4 dxe4+ 38. Kxe4 Ke8 39. Kd3 Kd7
40. Kc4 Bg5 41. Ne2 Kc6 42. Nd4+ Kb6 43. Ne2 h5 44. g3 Be3 45. Nc3 Bg5 46. Ne4
Be7 47. h4 Kc6 48. Kd4 Kd7 49. c4 Ba3 50. Nc5+ Kc6 51. Nd3 Be7 52. Ke4 g5
53. hxg5 Bxg5 54. Kf3 Bd2 55. Ke4 Bg5 56. Kf3 Bd2 57. g4 hxg4+ 58. Kxg4 Bh6
59. Kf3 Bg7 60. Ke4 f6 61. exf6 Bxf6 62. Nf4 1/2-1/2

[Event "33rd olimpiad"]
[Site "Elista"]
[Date "1998.10.05"]
[Round "7"]
[White "Himdan, Maher"]
[Black "Meessen, Rudolf"]
[Result "1-0"]
[WhiteElo "2365"]
[BlackElo "2320"]
[WhiteTitle "IM"]
[WhiteTeam "Egypt"]
[BlackTeam "Belgium"]
[Board "3"]
[OlimpBase "olimpbase.org"]
[EventDate "1998.09.29"]
[PlyCount "103"]

1. e4 e6 2. d4 d5 3. Nc3 Nf6 4. Bg5 Bb4 5. e5 h6 6. Bd2 Bxc3 7. Bxc3 Ne4
8. Bb4 c5 9. Bxc5 Nxc5 10. dxc5 Nc6 11. Nf3 Qc7 12. Qe2 Qa5+ 13. Qd2 Qxc5
14. O-O-O Bd7 15. Bd3 g5 16. g4 Nb4 17. a3 Nxd3+ 18. Qxd3 Qxf2 19. Rdf1 Qc5
20. Nd4 Qc7 21. Qe3 Qc5 22. h4 O-O-O 23. Rxf7 Rdf8 24. b4 Qc4 25. Rf6 Kb8
26. h5 a5 27. bxa5 Rc8 28. Kb2 Rc5 29. Qd2 Rhc8 30. Rh3 Qa4 31. Rf7 Rc4 32. Rd3
R8c5 33. Rf8+ Ka7 34. Rf2 Rxa5 35. Qe3 Kb8 36. Rf8+ Rc8 37. Rxc8+ Bxc8 38. Qd2
Ra6 39. Qb4 Qd7 40. Rc3 Ra4 41. Qb6 Ra6 42. Qc5 Ra4 43. Rf3 Rc4 44. Qb6 Qa4
45. Rf8 Rxd4 46. Qc5 Qc6 47. Qxd4 Kc7 48. Qc3 Bd7 49. Rh8 d4 50. Qa5+ Qb6+
51. Qxb6+ Kxb6 52. Rxh6 1-0

[Event "33rd olimpiad"]
[Site "Elista"]
[Date "1998.10.05"]
[Round "7"]
[White "Maes, Wim"]
[Black "Hamed, Ahmed"]
[Result "1/2-1/2"]
[WhiteElo "2250"]
[BlackElo "2320"]
[BlackTitle "IM"]
[WhiteTeam "Belgium"]
[BlackTeam "Egypt"]
[Board "4"]
[OlimpBase "olimpbase.org"]
[EventDate "1998.09.29"]
[PlyCount "34"]

1. e4 d6 2. d4 Nf6 3. Nc3 g6 4. Bg5 c6 5. Qd2 h6 6. Bh4 g5 7. Bg3 Nh5 8. O-O-O
Qa5 9. e5 Be6 10. Kb1 Nd7 11. exd6 O-O-O 12. d5 Bxd5 13. Nxd5 Qxd2 14. Rxd2
cxd5 15. dxe7 Bxe7 16. Bd3 Nxg3 17. hxg3 Ne5 1/2-1/2

[Event "33rd olimpiad"]
[Site "Elista"]
[Date "1998.10.06"]
[Round "8"]
[White "Geenen, Marc"]
[Black "Abdul Wahab, Al-Rashid"]
[Result "1-0"]
[WhiteElo "2315"]
[BlackElo "2325"]
[WhiteTitle "FM"]
[BlackTitle "FM"]
[WhiteTeam "Belgium"]
[BlackTeam "Iraq"]
[Board "1"]
[OlimpBase "olimpbase.org"]
[EventDate "1998.09.29"]
[PlyCount "81"]

1. e4 d5 2. exd5 Nf6 3. d4 Nxd5 4. Nf3 g6 5. Be2 Bg7 6. O-O O-O 7. Re1 c5
8. c4 Nb6 9. d5 Bg4 10. Qb3 a5 11. a4 Na6 12. Be3 Rc8 13. Nc3 Nb4 14. Red1 Nd7
15. Rd2 Qb6 16. Nb5 Nf6 17. Re1 Ne4 18. Rdd1 h6 19. Nd2 Bxe2 20. Rxe2 Nd6
21. Bf4 Nf5 22. Nf3 g5 23. Be5 g4 24. Nd2 Rfe8 25. Bxg7 Kxg7 26. Rde1 Qg6
27. Qc3+ Kh7 28. Ne4 Qg7 29. Qxg7+ Kxg7 30. Ned6 Kf6 31. Nxf5 Kxf5 32. Rxe7
Rxe7 33. Rxe7 Kf6 34. Rxb7 Re8 35. Rb6+ Kg5 36. h3 h5 37. Nd6 Re1+ 38. Kh2 f5
39. g3 gxh3 40. Kxh3 Re7 41. Nc8 1-0

[Event "33rd olimpiad"]
[Site "Elista"]
[Date "1998.10.06"]
[Round "8"]
[White "Abdulla, A"]
[Black "Ahn, Martin"]
[Result "0-1"]
[WhiteElo "2290"]
[BlackElo "2305"]
[WhiteTitle "FM"]
[BlackTitle "FM"]
[WhiteTeam "Iraq"]
[BlackTeam "Belgium"]
[Board "2"]
[OlimpBase "olimpbase.org"]
[EventDate "1998.09.29"]
[PlyCount "62"]

1. d4 Nf6 2. c4 g6 3. Nc3 Bg7 4. e4 d6 5. Be2 O-O 6. Nf3 e5 7. O-O Nc6 8. d5
Ne7 9. Ne1 Nd7 10. Be3 f5 11. f3 f4 12. Bf2 h5 13. b4 g5 14. c5 Nf6 15. Rc1 g4
16. Bh4 g3 17. h3 Ng6 18. Bg5 Bxh3 19. Bxf6 Rxf6 20. gxh3 Qc8 21. Bb5 Qxh3
22. Rc2 Nh4 23. Rd2 Rg6 24. Qc2 g2 25. Rxg2 Nxg2 26. Nxg2 Bf6 27. Rd1 Kh8
28. Bf1 Bh4 29. Ne2 Rag8 30. Nxf4 exf4 31. cxd6 cxd6 0-1

[Event "33rd olimpiad"]
[Site "Elista"]
[Date "1998.10.06"]
[Round "8"]
[White "Meessen, Rudolf"]
[Black "Abdul Ghani, Hayder"]
[Result "0-1"]
[WhiteElo "2320"]
[BlackElo "2240"]
[WhiteTeam "Belgium"]
[BlackTeam "Iraq"]
[Board "3"]
[OlimpBase "olimpbase.org"]
[EventDate "1998.09.29"]
[PlyCount "74"]

1. d4 d5 2. c4 c6 3. Nf3 Nf6 4. Nc3 dxc4 5. a4 Bf5 6. Ne5 Na6 7. f3 Nd7
8. Nxc4 e5 9. e4 exd4 10. Qxd4 Nb4 11. Nd6+ Bxd6 12. Qxd6 Nc2+ 13. Kf2 Qb6+
14. Kg3 Nxa1 15. exf5 Qc5 16. Qxc5 Nxc5 17. Bf4 Nab3 18. Bc4 O-O 19. h4 h5
20. Ne4 Nxe4+ 21. fxe4 Rad8 22. Re1 Nc5 23. b4 Nd3 24. Bxd3 Rxd3+ 25. Re3 Rfd8
26. e5 R8d4 27. e6 fxe6 28. fxe6 Rxe3+ 29. Bxe3 Rxb4 30. Bxa7 Rxa4 31. Bc5 Re4
32. e7 Kf7 33. Kf3 Rxh4 34. Ke3 Rg4 35. Kf3 b5 36. Bd6 b4 37. Ke3 b3 0-1